000 00632nam a2200241 a 4500
001 0001-1261
003 ELIB.Books
008 150618 2010 eng
020 _a1401902014
035 _a(ELIB.Books)0001-1416
092 _a153.8
_bHar
100 _aHarrell, Keith, D.
245 _aAttitude is Everything for Success
_bSay It, Believe It, Receice.
260 _aCarlsbad
_bHay House, Inc.
_c2004
300 _a190
_c19 Cm
500 _aLibrary
650 _aPsychology
856 _nKBTS: Library
_uKBTS: Elib
942 _2ddc
_cBK
990 _a1
998 _cbat
_e2015-06-18
999 _c11261
_d11261